تنظيم الأسرة في التراث الإسلامي / (Record no. 14271)
[ view plain ]
| 000 -الفاتح | |
|---|---|
| حقل البيانات ثابتة الطول | 00883nam a22002297a 4500 |
| 003 - محدد رقم الضبط | |
| رقم الضبط | EG-ScBUE |
| 005 - وقت وتاريخ اخر تعامل مع التسجيلة | |
| رقم الضبط | 20220831095958.0 |
| 008 - عناصر البيانات ثابتة الطول - معلومات عامة | |
| حقل البيانات ثابتة الطول | 100628s1994 xxu||||| |||| 00| 0 ara d |
| 020 ## - الرقم الدولى المعيارى للكتب | |
| الرقم الدولى المعيارى للكتاب | 0897142500 |
| 040 ## - مصدر الفهرسة | |
| وكالة الفهرسة الأصلية | EG-ScBUE |
| لغة الفهرسة | ara |
| وكالة النسخ | EG-ScBUE |
| وكالة التعديل | EG-ScBUE |
| قواعد الوصف | rda |
| 082 ## - رقم تصنيف ديوى العشرى | |
| رقم الطبعة | 22 |
| رقم التصنيف | 297.577 |
| رقم المادة | ع م ر |
| 100 1# - المدخل الرئيسى - إسم شخصى | |
| 9 (RLIN) | 15400 |
| الإسم الشخصى | عمران ، عبد الرحيم |
| 245 ## - بيان العنوان | |
| العنوان | تنظيم الأسرة في التراث الإسلامي / |
| بيان المسئوليه,etc | عبد الرحبم عمران |
| 250 ## - بيان الطبعة | |
| بقية بيان الطبعة | مزيدة ومنقحة من الطبعة الإنجليزية |
| 260 ## - PUBLICATION, DISTRIBUTION, ETC. (IMPRINT) | |
| مكان الناشر او الموزع | [د . م] |
| اسم الناشر او الموزع | [د. ن] |
| تاريخ النشر أو التوزيع | 1994. |
| 300 ## - الوصف المادى | |
| التعداد | 473 ص : |
| أبعاد الوعاء | 24 سم. |
| 500 ## - تبصرة عامة | |
| تبصرة عامة | يحتوي على فهرس أبجدي للمؤلفين ومؤلفاتهم |
| 650 ## - المدخل الاضافى بالموضوع-مصطلح موضوعى | |
| 9 (RLIN) | 15411 |
| مصطلح موضوعي أو اسم جغرافي كعنصر مدخل | الأسرة فى الإسلام |
| مصدر الرأس أو المصطلح | BUEsh |
| 650 ## - المدخل الاضافى بالموضوع-مصطلح موضوعى | |
| 9 (RLIN) | 15410 |
| مصطلح موضوعي أو اسم جغرافي كعنصر مدخل | تنظيم النسل |
| التقسيم الفرعي العام | الجوانب الدينية |
| مصدر الرأس أو المصطلح | BUEsh |
| 651 ## - المدخل الاضافى بالموضوع - اسم جغرافى | |
| مصدر الرأس أو المصطلح | BUEsh |
| 942 ## - عناصر المدخل الإضافي( كوها) | |
| مصدر التصنيف او مخطط الترفيف | Dewey Decimal Classification |
| Koha [default] item type | Book - Borrowing |
| حالة التراجع | حالة الفقد | مصدر التصنيف او خطة الترفيف | حالة تلف | ليس للاعارة | مجموعات كوها | المكان الدائم | المكان الحالي | موقع الترفيف | تاريخ الاكتساب | Source of acquisition | رقم الاستدعاء | الباركود | Date last seen | مُعار | نوع الوعاء |
|---|---|---|---|---|---|---|---|---|---|---|---|---|---|---|---|
| Dewey Decimal Classification | Baccah | Central Library | Central Library | Lower Floor | 28/06/2010 | Purchase | 297.577 ع م ر | 000021110 | 15/07/2025 | 09/12/2020 | Book - Borrowing |